[Event "Titled Tuesday intern op 15th Feb Early"]
[Site "Chess.com INT"]
[Date "2022.02.15"]
[Round "10"]
[White "Todorovic, Bojan"]
[Black "Grineva, Marianna"]
[Result "0-1"]
[WhiteElo "2222"]
[BlackElo "1973"]
[PlyCount "90"]
[EventDate "2022.02.15"]
[EventType "swiss (blitz)"]
[EventRounds "11"]
[EventCountry "USA"]
[SourceTitle "CBM 206 Extra"]
[Source "ChessBase"]
[SourceDate "2022.03.31"]
[SourceVersion "1"]
[SourceVersionDate "2022.03.31"]
[SourceQuality "1"]

1. Nf3 d6 2. c4 Nf6 3. Nc3 g6 4. g3 Bg7 5. Bg2 0-0 6. 0-0 Nc6 7. d3 e5 8. Rb1 a5 9. a3 Re8 10. b4 axb4 11. axb4 e4 12. dxe4 Nxe4 13. Nxe4 Rxe4 14. b5 Ne7 15. Nd2 Re6 16. Ne4 Ra2 17. Qd3 h6 18. Re1 Nf5 19. Nc5 Re5 20. Nxb7 Qe7 21. b6 cxb6 22. Bb2 Rxb2 23. Rxb2 Bxb7 24. Rxb6 Bxg2 25. Kxg2 Bf8 26. e4 Ng7 27. f4 Ra5 28. Rb2 Ne6 29. Rbe2 Nc5 30. Qf3 Qe6 31. e5 Qxc4 32. exd6 Bxd6 33. f5 Nd3 34. Rd1 Rd5 35. fxg6 fxg6 36. Re8+ Kg7 37. Rf1 Rf5 38. Qb7+ Rf7 39. Rxf7+ Qxf7 40. Qxf7+ Kxf7 41. Rd8 Ne1+ 42. Kf1 Bb4 43. Rd4 Bc3 44. Rc4 Ba5 45. Ra4 Bd2 0-1

[Event "Titled Tuesday intern op 25th Jan"]
[Site "Chess.com INT"]
[Date "2022.01.25"]
[Round "3"]
[White "Grineva, Marianna"]
[Black "Koutlas, Nikolaos"]
[Result "0-1"]
[WhiteElo "1973"]
[BlackElo "2251"]
[PlyCount "52"]
[EventDate "2022.01.25"]
[EventType "swiss (blitz)"]
[EventRounds "11"]
[EventCountry "USA"]
[SourceTitle "CBM 206 Extra"]
[Source "ChessBase"]
[SourceDate "2022.03.31"]
[SourceVersion "1"]
[SourceVersionDate "2022.03.31"]
[SourceQuality "1"]

1. e4 e6 2. d4 d5 3. Nd2 c5 4. exd5 exd5 5. Ngf3 Nf6 6. Bb5+ Nc6 7. 0-0 Be7 8. Re1 0-0 9. Nb3 c4 10. Nbd2 Bg4 11. c3 Bd6 12. h3 Bh5 13. Nf1 Re8 14. Ba4 Rxe1 15. Qxe1 Bxf3 16. gxf3 Nh5 17. Bc2 Qh4 18. Kg2 Kf8 19. Ng3 Re8 20. Qh1 Nxg3 21. Qd1 Ne2 22. Be3 Nf4+ 23. Bxf4 Qxf4 24. Qg1 Re2 25. Bxh7 g6 26. Re1 Qg3+ 0-1

[Event "Titled Tuesday intern op 11th Jan"]
[Site "Chess.com INT"]
[Date "2022.01.11"]
[Round "8"]
[White "Grineva, Marianna"]
[Black "Jumanov, Elbek"]
[Result "0-1"]
[WhiteElo "1973"]
[BlackElo "2155"]
[PlyCount "96"]
[EventDate "2022.01.11"]
[EventType "swiss (blitz)"]
[EventRounds "11"]
[EventCountry "USA"]
[SourceTitle "CBM 206 Extra"]
[Source "ChessBase"]
[SourceDate "2022.03.31"]
[SourceVersion "1"]
[SourceVersionDate "2022.03.31"]
[SourceQuality "1"]

1. e4 c5 2. Be2 e6 3. d3 Nc6 4. f4 b5 5. Nf3 Bb7 6. 0-0 Nf6 7. Kh1 Be7 8. Qe1 Qc7 9. c3 a6 10. Nbd2 Qxf4 11. e5 Nxe5 12. Ne4 Nxf3 13. Bxf4 Nxe1 14. Nxf6+ gxf6 15. Raxe1 Rg8 16. Bf3 Bxf3 17. Rxf3 d5 18. b3 Kd7 19. Bg3 Rg4 20. h3 Rg6 21. Re2 Rag8 22. Bh4 f5 23. Bxe7 Kxe7 24. Rxf5 Rxg2 25. Rxf7+ Kxf7 26. Rxg2 Rxg2 27. Kxg2 Kf6 28. Kg3 Kf5 29. Kf3 e5 30. Ke3 e4 31. a3 Ke5 32. dxe4 dxe4 33. a4 bxa4 34. bxa4 Kd5 35. h4 Ke5 36. h5 h6 37. a5 Kf5 38. c4 Ke5 39. Ke2 Kd4 40. Kd2 Kxc4 41. Ke3 Kd5 42. Kf4 c4 43. Kf5 e3 44. Kg6 e2 45. Kxh6 e1Q 46. Kg7 Qe5+ 47. Kh7 Qxh5+ 48. Kg7 Qf5 0-1

[Event "Titled Tuesday intern op 11th Jan"]
[Site "Chess.com INT"]
[Date "2022.01.11"]
[Round "4"]
[White "Rodchenkov, Sergey D"]
[Black "Grineva, Marianna"]
[Result "1-0"]
[WhiteElo "2346"]
[BlackElo "1973"]
[PlyCount "135"]
[EventDate "2022.01.11"]
[EventType "swiss (blitz)"]
[EventRounds "11"]
[EventCountry "USA"]
[SourceTitle "CBM 206 Extra"]
[Source "ChessBase"]
[SourceDate "2022.03.31"]
[SourceVersion "1"]
[SourceVersionDate "2022.03.31"]
[SourceQuality "1"]

1. e4 g6 2. d4 Bg7 3. Nc3 d6 4. Be3 a6 5. h4 Nf6 6. f3 b5 7. Qd2 h5 8. Nh3 Bb7 9. Ng5 Nbd7 10. Ne2 Nb6 11. Nc1 Nfd7 12. c3 c5 13. Bd3 Rc8 14. Ne2 cxd4 15. Bxd4 Bxd4 16. Nxd4 Nc4 17. Bxc4 Rxc4 18. 0-0 Ne5 19. f4 Ng4 20. e5 dxe5 21. fxe5 Nxe5 22. Rae1 Qd5 23. Rxe5 Qxe5 24. Nxf7 Qg7 25. Nxh8 Qxh8 26. Qf4 Bc8 27. Qf7+ Kd8 28. Qd5+ Kc7 29. Rf7 Qe8 30. Qe5+ Kb6 31. Rxe7 Qd8 32. Re8 Qxh4 33. Qd6+ Kb7 34. Re7+ Ka8 35. Nc6 Rxc6 36. Qxc6+ Kb8 37. Qb6+ Ka8 38. Qc6+ Kb8 39. Qd6+ Ka8 40. Qd5+ Kb8 41. Re3 Qf4 42. Qe5+ Qxe5 43. Rxe5 Kc7 44. Kf2 Bd7 45. Re7 Kd6 46. Rg7 Bf5 47. Ra7 Bc8 48. Kg3 Ke5 49. Rc7 Bf5 50. Rc6 a5 51. Rb6 b4 52. cxb4 axb4 53. Rxb4 Kd5 54. a4 Bc2 55. Rb5+ Kc6 56. b3 Bd3 57. Rb4 Bf5 58. Rb8 Kc5 59. b4+ Kc4 60. a5 Kd5 61. a6 Kc6 62. a7 Kc7 63. a8Q h4+ 64. Kxh4 g5+ 65. Kxg5 Bd3 66. Qb7+ Kd6 67. Rd8+ Ke5 68. Qe7# 1-0

[Event "Titled Tuesday intern op 04th Jan"]
[Site "Chess.com INT"]
[Date "2022.01.04"]
[Round "3"]
[White "Borges Feria, Yasel"]
[Black "Grineva, Marianna"]
[Result "1-0"]
[WhiteElo "2439"]
[BlackElo "1973"]
[PlyCount "61"]
[EventDate "2022.01.04"]
[EventType "swiss (blitz)"]
[EventRounds "11"]
[EventCountry "USA"]
[SourceTitle "EXT 2023"]
[Source "ChessBase"]
[SourceDate "2022.10.05"]
[SourceVersion "1"]
[SourceVersionDate "2022.10.05"]
[SourceQuality "1"]

1. e4 g6 2. d4 Bg7 3. Nc3 d6 4. Be3 a6 5. Qd2 Nd7 6. h4 Ngf6 7. f3 h5 8. 0-0-0 b5 9. Nh3 Bb7 10. Ng5 Qc8 11. Kb1 c5 12. dxc5 Nxc5 13. Nd5 Bxd5 14. exd5 Na4 15. Bd4 0-0 16. g4 hxg4 17. h5 Nxh5 18. Bxg7 Kxg7 19. fxg4 Qxg4 20. Be2 Qf5 21. Bxh5 Qe5 22. c3 Qf5+ 23. Ka1 gxh5 24. Rdg1 Rh8 25. Ne6+ Kf6 26. Qd4+ Qe5 27. Rf1+ Kg6 28. Rhg1+ Kh6 29. Qd2+ Kh7 30. Rxf7+ Qg7 31. Rfxg7# 1-0

[Event "Titled Tuesday intern op 04th Jan"]
[Site "Chess.com INT"]
[Date "2022.01.04"]
[Round "6"]
[White "Grineva, Marianna"]
[Black "Sala, Giulia"]
[Result "1-0"]
[WhiteElo "1973"]
[BlackElo "2053"]
[PlyCount "111"]
[EventDate "2022.01.04"]
[EventType "swiss (blitz)"]
[EventRounds "11"]
[EventCountry "USA"]
[SourceTitle "EXT 2023"]
[Source "ChessBase"]
[SourceDate "2022.10.05"]
[SourceVersion "1"]
[SourceVersionDate "2022.10.05"]
[SourceQuality "1"]

1. e4 d5 2. exd5 Qxd5 3. Nc3 Qa5 4. d4 Nf6 5. Bc4 c6 6. Nge2 Bf5 7. Bd2 e6 8. Ng3 Bg6 9. Bb3 Qd8 10. Be3 Be7 11. Qe2 Na6 12. 0-0-0 Nb8 13. f4 b5 14. d5 exd5 15. f5 a5 16. fxg6 a4 17. Bxd5 cxd5 18. gxf7+ Kxf7 19. Nxb5 Qa5 20. a3 Nc6 21. Bd2 Qb6 22. c4 Qc5 23. Be3 Qxc4+ 24. Qxc4 dxc4 25. Rhf1 Na5 26. Nd6+ Bxd6 27. Rxd6 Nb3+ 28. Kb1 Rhe8 29. Bg5 Ke7 30. Nf5+ Kf7 31. Rc6 Kg6 32. h4 Kh5 33. Rxc4 h6 34. Nxg7+ Kg6 35. Nxe8 hxg5 36. Nxf6 Nd2+ 37. Kc2 Nxf1 38. hxg5 Ne3+ 39. Kd3 Nxc4 40. Kxc4 Rc8+ 41. Kb4 Rb8+ 42. Kxa4 Rxb2 43. Nd5 Rxg2 44. Nb4 Kxg5 45. Kb5 Kf5 46. a4 Ke5 47. a5 Kd4 48. a6 Rg5+ 49. Kb6 Rg8 50. a7 Kc4 51. Nc6 Kd5 52. Nb8 Rg6+ 53. Kb5 Rg1 54. a8Q+ Kd4 55. Qa7+ Kd3 56. Qxg1 1-0

[Event "Titled Tuesday intern op 04th Jan"]
[Site "Chess.com INT"]
[Date "2022.01.04"]
[Round "10"]
[White "Steil Antoni, Fiona"]
[Black "Grineva, Marianna"]
[Result "1-0"]
[WhiteElo "2163"]
[BlackElo "1973"]
[PlyCount "167"]
[EventDate "2022.01.04"]
[EventType "swiss (blitz)"]
[EventRounds "11"]
[EventCountry "USA"]
[SourceTitle "EXT 2023"]
[Source "ChessBase"]
[SourceDate "2022.10.05"]
[SourceVersion "1"]
[SourceVersionDate "2022.10.05"]
[SourceQuality "1"]

1. e4 g6 2. d4 d6 3. Be3 Bg7 4. c3 Nd7 5. Bd3 a6 6. Qd2 e6 7. h4 h5 8. f3 b6 9. Na3 Bb7 10. Nh3 c5 11. Nc2 Qc7 12. a3 c4 13. Be2 b5 14. Nf2 Ne7 15. Bf4 e5 16. Be3 f5 17. Bg5 Nc6 18. dxe5 dxe5 19. Rd1 Nc5 20. exf5 gxf5 21. Qd6 Qxd6 22. Rxd6 0-0 23. 0-0 Rf7 24. Ne3 Bf8 25. Rd2 f4 26. Nd5 Ne6 27. Nf6+ Kh8 28. Nxh5 Nxg5 29. hxg5 Rh7 30. Nf6 Rg7 31. N2e4 Be7 32. Rfd1 Bd8 33. Rd7 Bb6+ 34. Kf1 Bc8 35. Rxg7 Kxg7 36. Rd6 Bf5 37. Rxc6 Be3 38. Rd6 Rh8 39. Nf2 Rh2 40. N6g4 Bxg4 41. fxg4 Bxf2 42. Kxf2 Rh1 43. Bf3 Rb1 44. Rd2 Kg6 45. Be4+ Kxg5 46. Bf5 Rc1 47. Kf3 Rf1+ 48. Ke4 Re1+ 49. Kd5 Re3 50. Be4 Kh4 51. Kxe5 Kg3 52. Kf5 Re1 53. Bf3 Re8 54. Re2 Rf8+ 55. Ke4 Re8+ 56. Kd4 Rd8+ 57. Kc5 Rg8 58. Kb6 Rg6+ 59. Ka5 Rf6 60. a4 bxa4 61. Kxa4 Rb6 62. Ka5 Rf6 63. Bd5 Kxg4 64. Bxc4 Kg3 65. Bd5 Rf5 66. c4 Rh5 67. Kxa6 Rh6+ 68. Kb5 Rh7 69. Bf3 Rc7 70. c5 Rh7 71. c6 Rh8 72. b4 Rb8+ 73. Kc5 Rc8 74. b5 Rf8 75. b6 Rf5+ 76. Kd6 Rf6+ 77. Kc7 Rf7+ 78. Kb8 Rf8+ 79. Kb7 Rf7+ 80. c7 Rg7 81. Ka6 Rg6 82. c8Q Rxb6+ 83. Kxb6 Kh4 84. Qg4# 1-0

[Event "Titled Tuesday intern op 28th Dec"]
[Site "Chess.com INT"]
[Date "2021.12.28"]
[Round "1"]
[White "Cunha, Lucas Aguiar"]
[Black "Grineva, Marianna"]
[Result "1-0"]
[WhiteElo "2328"]
[BlackElo "1973"]
[PlyCount "84"]
[EventDate "2021.12.28"]
[EventType "swiss (blitz)"]
[EventRounds "11"]
[EventCountry "USA"]
[SourceTitle "CBM 206 Extra"]
[Source "ChessBase"]
[SourceDate "2022.03.31"]
[SourceVersion "1"]
[SourceVersionDate "2022.03.31"]
[SourceQuality "1"]

1. e4 d6 2. d4 g6 3. Nc3 Bg7 4. Be3 Nd7 5. Nf3 a6 6. a4 b6 7. Bc4 e6 8. Nd2 Bb7 9. f3 c5 10. d5 Bxc3 11. bxc3 e5 12. Bd3 f6 13. Nc4 Ke7 14. Rb1 h5 15. 0-0 Qc7 16. f4 Nh6 17. h3 Nf7 18. Qd2 Raf8 19. Rf2 exf4 20. Bxf4 Nfe5 21. Nxe5 dxe5 22. Be3 Qd6 23. c4 Bc8 24. a5 bxa5 25. Qxa5 Rf7 26. Rb3 g5 27. Rf1 h4 28. Rfb1 g4 29. Rb6 gxh3 30. Rxd6 Kxd6 31. Bxc5+ Nxc5 32. Qb6+ Kd7 33. Qxc5 hxg2 34. Qc6+ Kd8 35. Rb8 Rc7 36. Qxf6+ Kd7 37. Qxh8 Kd6 38. Qf6+ Kc5 39. Qxe5 Rf7 40. d6+ Kc6 41. Qd5+ Kd7 42. Qxf7+ Kxd6 1-0

[Event "Titled Tuesday intern op 28th Dec"]
[Site "Chess.com INT"]
[Date "2021.12.28"]
[Round "5"]
[White "Dolzhikova, Kateryna"]
[Black "Grineva, Marianna"]
[Result "0-1"]
[WhiteElo "2161"]
[BlackElo "1973"]
[PlyCount "62"]
[EventDate "2021.12.28"]
[EventType "swiss (blitz)"]
[EventRounds "11"]
[EventCountry "USA"]
[SourceTitle "CBM 206 Extra"]
[Source "ChessBase"]
[SourceDate "2022.03.31"]
[SourceVersion "1"]
[SourceVersionDate "2022.03.31"]
[SourceQuality "1"]

1. e4 d6 2. d4 g6 3. Nc3 Bg7 4. f4 Nd7 5. Nf3 e6 6. Bd3 b6 7. 0-0 Ne7 8. Kh1 0-0 9. f5 exf5 10. exf5 Nf6 11. Nh4 d5 12. Qe1 c5 13. Qg3 c4 14. Be2 b5 15. a3 a5 16. Bg5 Ra6 17. Bxf6 Rxf6 18. fxg6 fxg6 19. Nxb5 Rxf1+ 20. Rxf1 Rxf1+ 21. Bxf1 Qb6 22. a4 Bxd4 23. c3 Bf6 24. Nf3 Bd7 25. Qc7 Qf2 26. Bxc4 dxc4 27. Qxc4+ Kg7 28. h3 Bf5 29. Qf4 Qxb2 30. Nbd4 Qxc3 31. Nxf5+ Nxf5 0-1

[Event "Titled Tuesday intern op 28th Dec"]
[Site "Chess.com INT"]
[Date "2021.12.28"]
[Round "9"]
[White "Grineva, Marianna"]
[Black "Dias, Joao Batista de Sou"]
[Result "1-0"]
[WhiteElo "1973"]
[BlackElo "1838"]
[PlyCount "67"]
[EventDate "2021.12.28"]
[EventType "swiss (blitz)"]
[EventRounds "11"]
[EventCountry "USA"]
[SourceTitle "CBM 206 Extra"]
[Source "ChessBase"]
[SourceDate "2022.03.31"]
[SourceVersion "1"]
[SourceVersionDate "2022.03.31"]
[SourceQuality "1"]

1. e4 e6 2. d4 d5 3. Nd2 dxe4 4. Nxe4 Nf6 5. Bd3 Nxe4 6. Bxe4 Nd7 7. Bf3 Nf6 8. Ne2 c6 9. 0-0 Be7 10. c4 0-0 11. Be3 Qc7 12. Qd3 Rd8 13. Rad1 b6 14. Qc3 Bb7 15. b3 h5 16. h3 g6 17. Bg5 Rac8 18. d5 cxd5 19. Bxf6 d4 20. Bxd4 Rxd4 21. Nxd4 Bf6 22. Bxb7 Qxb7 23. Qe3 Rc5 24. Nb5 Re5 25. Qf4 Rf5 26. Qd6 Kg7 27. Qd7 Qe4 28. Qxa7 Rg5 29. f3 Qe3+ 30. Rf2 Be5 31. Kf1 Bg3 32. Re2 Qf4 33. Nd6 Qf6 34. Ne8+ 1-0

[Event "Titled Tuesday intern op 28th Dec"]
[Site "Chess.com INT"]
[Date "2021.12.28"]
[Round "10"]
[White "Manukian, Artak"]
[Black "Grineva, Marianna"]
[Result "0-1"]
[WhiteElo "2196"]
[BlackElo "1973"]
[PlyCount "44"]
[EventDate "2021.12.28"]
[EventType "swiss (blitz)"]
[EventRounds "11"]
[EventCountry "USA"]
[SourceTitle "CBM 206 Extra"]
[Source "ChessBase"]
[SourceDate "2022.03.31"]
[SourceVersion "1"]
[SourceVersionDate "2022.03.31"]
[SourceQuality "1"]

1. e4 d6 2. d4 g6 3. c4 Bg7 4. Nc3 Nd7 5. f4 e6 6. Nf3 Ne7 7. h4 Nf6 8. Be3 Ng4 9. Bg1 h5 10. Be2 Nc6 11. Ng5 Qf6 12. Nb5 0-0 13. Bxg4 hxg4 14. Qxg4 e5 15. Qg3 exd4 16. 0-0-0 d3 17. Nc3 Nb4 18. h5 Nxa2+ 19. Kd2 Nxc3 20. bxc3 Qxc3+ 21. Ke3 d2+ 22. Kf2 Bd4+ 0-1

[Event "Titled Tuesday intern op 07th Dec"]
[Site "Chess.com INT"]
[Date "2021.12.07"]
[Round "8"]
[White "Ferreira, Vitor Hugo Vieira"]
[Black "Grineva, Marianna"]
[Result "0-1"]
[WhiteElo "2123"]
[BlackElo "1973"]
[PlyCount "92"]
[EventDate "2021.12.07"]
[EventType "swiss (blitz)"]
[EventRounds "11"]
[EventCountry "USA"]
[SourceTitle "CBM 205 Extra"]
[Source "ChessBase"]
[SourceDate "2022.01.31"]
[SourceVersion "1"]
[SourceVersionDate "2022.01.31"]
[SourceQuality "1"]

1. e4 c5 2. Nf3 d6 3. d4 cxd4 4. Nxd4 Nf6 5. Nc3 g6 6. Be3 Bg7 7. f3 Nc6 8. Qd2 Bd7 9. g4 Rc8 10. h4 h5 11. g5 Nh7 12. 0-0-0 Nf8 13. Kb1 Ne6 14. Nde2 a6 15. f4 Qa5 16. f5 gxf5 17. exf5 Qxf5 18. Bh3 Qa5 19. g6 fxg6 20. Qd3 Ne5 21. Qe4 0-0 22. Rhg1 Rf6 23. Nd5 Rf7 24. Rxg6 Nxg6 25. Qxg6 Nf8 26. Qg2 Bxh3 27. Qxh3 Qb5 28. Nd4 Qc4 29. Nc3 b5 30. a3 e5 31. Nf5 Rc6 32. Bg5 Ng6 33. Qf3 Nf4 34. Nxg7 Rxg7 35. Bxf4 exf4 36. Qxh5 Rc8 37. Qf5 Rf8 38. Qh3 f3 39. Ne4 f2 40. Ng3 Qg4 41. Qh2 Qxg3 42. Qh1 Qg2 43. Qf1 Qxf1 44. Rxf1 Rg1 45. Rxg1+ fxg1Q+ 46. Ka2 Rf2 0-1

[Event "Titled Tuesday intern op 07th Dec"]
[Site "Chess.com INT"]
[Date "2021.12.07"]
[Round "4"]
[White "Grineva, Marianna"]
[Black "Dmitrenko, Viktor"]
[Result "1-0"]
[WhiteElo "1973"]
[BlackElo "2395"]
[PlyCount "105"]
[EventDate "2021.12.07"]
[EventType "swiss (blitz)"]
[EventRounds "11"]
[EventCountry "USA"]
[SourceTitle "CBM 205 Extra"]
[Source "ChessBase"]
[SourceDate "2022.01.31"]
[SourceVersion "1"]
[SourceVersionDate "2022.01.31"]
[SourceQuality "1"]

1. e4 c6 2. d4 d5 3. e5 Na6 4. c3 Nc7 5. Bd3 b6 6. Qe2 a5 7. Nf3 e6 8. b3 Ba6 9. Bxa6 Nxa6 10. 0-0 Qd7 11. Ba3 Bxa3 12. Nxa3 Ne7 13. c4 c5 14. Nb5 0-0 15. Rfd1 h6 16. dxc5 bxc5 17. Nd6 a4 18. h3 Nb4 19. Nb5 Qc6 20. Nc3 axb3 21. axb3 d4 22. Ne4 Ng6 23. Nd6 Nf4 24. Qe4 Qxe4 25. Nxe4 Ne2+ 26. Kf1 Nc3 27. Nxc3 dxc3 28. Rdc1 c2 29. Ne1 Rxa1 30. Rxa1 Rd8 31. Ke2 Rd4 32. Rc1 Re4+ 33. Kd2 Rxe5 34. Nxc2 Nc6 35. Ne3 Nd4 36. Rb1 f5 37. b4 f4 38. Ng4 Re2+ 39. Kd3 e5 40. bxc5 Ra2 41. Rb8+ Kh7 42. Nxe5 Ne6 43. Nd7 Rxf2 44. c6 Rf1 45. Re8 Nc7 46. Rc8 Ne6 47. Re8 Nc7 48. Ne5 Nxe8 49. Ke4 Nc7 50. Nf3 Rf2 51. Kxf4 Rxg2 52. Nd4 Rh2 53. Ke5 1-0

[Event "Titled Tuesday intern op 07th Dec"]
[Site "Chess.com INT"]
[Date "2021.12.07"]
[Round "10"]
[White "Grineva, Marianna"]
[Black "Ljukin, Sergei"]
[Result "0-1"]
[WhiteElo "1973"]
[BlackElo "2362"]
[PlyCount "116"]
[EventDate "2021.12.07"]
[EventType "swiss (blitz)"]
[EventRounds "11"]
[EventCountry "USA"]
[SourceTitle "CBM 205 Extra"]
[Source "ChessBase"]
[SourceDate "2022.01.31"]
[SourceVersion "1"]
[SourceVersionDate "2022.01.31"]
[SourceQuality "1"]

1. e4 e6 2. d4 d5 3. Nd2 Nf6 4. e5 Nfd7 5. Bd3 c5 6. c3 Nc6 7. Ne2 cxd4 8. cxd4 f6 9. exf6 Qxf6 10. Nf3 h6 11. 0-0 Bd6 12. Ng3 0-0 13. Nh5 Qf7 14. Nh4 Rd8 15. Bg6 Qe7 16. g3 Nf8 17. Bc2 Qf7 18. a3 Nxd4 19. Qxd4 Qxh5 20. Qd3 Bd7 21. Bd2 Bc6 22. Rae1 e5 23. Bb4 e4 24. Qb3 Bxb4 25. Qxb4 Qe5 26. Bb3 Kh8 27. Qxf8+ Rxf8 28. Ng6+ Kh7 29. Nxe5 Rae8 30. Nxc6 bxc6 31. Ba4 Rc8 32. Rc1 c5 33. Rfd1 d4 34. Rc4 Rb8 35. b4 cxb4 36. axb4 e3 37. fxe3 dxe3 38. Re1 Rf2 39. Rxe3 Rb2 40. Rb3 Ra2 41. Bc6 Rd8 42. Be4+ Kg8 43. Rc2 Rd1+ 44. Kg2 Rxc2+ 45. Bxc2 Rd2+ 46. Kh3 Rxc2 47. Ra3 Rc7 48. Ra6 Rb7 49. Kg2 Kf7 50. Kf3 Ke7 51. h4 Kd7 52. Rg6 Ke8 53. Re6+ Kf7 54. Re4 Kf6 55. g4 Rb5 56. Rc4 Rb7 57. Kf4 Rd7 58. Rc6+ Kf7 0-1